000 00819aam a2200301 i 4500
001 791
003 CO-MdBIC
005 20210904085658.0
008 210904t1999 sp abco| |||| 00| 0 eng d
020 _a84-494-0903-9
040 _bspa.
_aCO-MdFUSB
_cCO-MdFUSB
_dCO-MdFUSBC
_erda
041 _aspa
082 0 4 _aR 909 G535h
110 1 _aGrupo Oceano
245 1 0 _aHistoria universal / Carlos Gispert, Director.
_c/
260 _aBarcelona, España : Océano
264 1 _aBarcelona, España :
_bOcéano,
_c[1999]
264 4 _c© 1999
300 _a1216 Pág.
_c;
336 _2rdacontent
_atexto
_btxt
337 _2rdamedia
_asin mediación
_bn
338 _2rdacarrier
_avolumen
_bnc
650 1 4 _aHISTORIA UNIVERSAL
653 _aHistoria
653 _auniversal
942 _cBK
945 _aEstudiante
999 _c32234
_d32234